| 000 | 00352 a2200133 4500 | ||
|---|---|---|---|
| 000 | nam a22 7a 4500 | ||
| 005 | 20260429125827.0 | ||
| 020 | _a9789355320940 | ||
| 100 |
_aBehrouz A. Forouzan _91235993 |
||
| 245 | _aData Communications and Networking with TCPIP Protocol Suite | ||
| 250 | _a6th | ||
| 260 |
_bMcGraw Hill _c2025 |
||
| 942 | _cTEXL | ||
| 999 |
_c1848645 _d1848645 |
||